00416 2200157 4500001002100000008004100021035002000062245004900082100002400131260002500155300002200180020002200202084001400224082000800238990001200246INLIS000000000002773 IND  a0010-0925000120 aHadiah Kecil Dari TuhancAdi Rustandi, S.Pd. aAdi Rustandi, S.Pd. aJakartabZettuc2013 a320c(13 x 19 cm) a978-602-7999-10-7 a813 S.P h a813 a0754995